Miasta na wyspach - nagła śmierć - Statystyki

Ogólne statystyki
  • Ten quiz został rozwiązany 4 721 razy
  • Średni wynik to 10 z 20
Answers on the Grid
Answers color-coded by a green-red scale on the quiz's grid according to % correct below.
Ateny
Bogota
Kapsztad
Chicago
Kolombo
Kopenhaga
Dublin
Gibraltar
Iraklion
Hongkong
Honolulu
Stambuł
Key West
Lagos
Lima
Londyn
Manila
Montreal
Moskwa
Bombaj
Nowy Jork
Nuuk
Port of Spain
San Francisco
Santo Domingo
Seul
Singapur
Sztokholm
Tokio
Wenecja
 
Statystyki odpowiedzi
Odpowiedź % Poprawnych
Dublin
73%
Kopenhaga
69%
Honolulu
67%
Singapur
63%
Tokio
63%
Londyn
62%
Manila
59%
Port of Spain
56%
Wenecja
55%
Hongkong
54%
Nuuk
54%
Santo Domingo
54%
Kolombo
47%
Nowy Jork
47%
Iraklion
46%
Key West
40%
Sztokholm
30%
Montreal
17%
Lagos
15%
Bombaj
11%
Nie znaleziono quizów pasujących do podanych kryteriów
Rozkład punktacji
Procent ludzi z każdym wynikiem
Percentyl według liczby udzielonych odpowiedzi
Twoja historia wyników
Nie rozwiązałeś tego quizu